Loading...
Beliefs | 3 | 5 | 1 | 3 | 90 | 28 | 90.50 | 4 | 8 |
Literature - British Literature | 4 | 2 | 0 | 0 | 80 | 24 | 65.33 | 4 | 6 |
Philosophy | 2 | 5 | 1 | 1 | 75 | 66 | 86.14 | 3 | 7 |
Literature - World Literature | 4 | 1 | 0 | 0 | 70 | 33 | 57.00 | 4 | 5 |
Science - Other Science | 2 | 3 | 0 | 1 | 60 | 28 | 72.40 | 1 | 5 |
Science - Physics | 0 | 6 | 1 | 2 | 55 | 80 | 105.17 | 0 | 6 |
Visual Arts | 1 | 4 | 1 | 2 | 50 | 48 | 92.40 | 2 | 5 |
Literature - American Literature | 2 | 3 | 2 | 1 | 50 | 49 | 80.20 | 1 | 5 |
Auditory Arts | 1 | 3 | 0 | 2 | 45 | 32 | 104.75 | 1 | 4 |
Literature - European Literature | 2 | 2 | 1 | 0 | 45 | 28 | 62.00 | 2 | 4 |
Social Science | 0 | 4 | 1 | 1 | 35 | 75 | 101.50 | 1 | 4 |
History - Ancient History | 1 | 2 | 0 | 1 | 35 | 68 | 112.00 | 0 | 3 |
History - American History | 0 | 3 | 0 | 0 | 30 | 88 | 100.67 | 1 | 3 |
History - World History | 0 | 3 | 1 | 2 | 25 | 106 | 118.00 | 0 | 3 |
Science - Chemistry | 0 | 3 | 1 | 1 | 25 | 75 | 90.67 | 1 | 3 |
History - European History | 1 | 1 | 1 | 0 | 20 | 56 | 76.50 | 0 | 2 |
Fine Arts - Other Arts | 0 | 2 | 1 | 1 | 15 | 119 | 125.00 | 0 | 2 |
Other Academic | 1 | 0 | 0 | 0 | 15 | 72 | 72.00 | 0 | 1 |
Science - Biology | 0 | 1 | 0 | 0 | 10 | 92 | 92.00 | 0 | 1 |
Geography | 0 | 1 | 0 | 0 | 10 | 90 | 90.00 | 0 | 1 |
History - Other History | 0 | 0 | 1 | 0 | -5 | 0.00 | 0 | 0 |